Business statistics /
This book is about: Introduction to statistics; Frequency distribution graphs; Measures of central tendency...
में बचाया:
| मुख्य लेखक: | |
|---|---|
| स्वरूप: | पुस्तक |
| भाषा: | English |
| प्रकाशित: |
South Melbourne :
Nelson,
1998.
|
| विषय: | |
| टैग : |
टैग जोड़ें
कोई टैग नहीं, इस रिकॉर्ड को टैग करने वाले पहले व्यक्ति बनें!
|
| Thư viện lưu trữ: | Mạng thư viện Đại học Đà Nẵng |
|---|
| LEADER | 00973cam a2200349 i 4500 | ||
|---|---|---|---|
| 001 | 000049266 | ||
| 003 | 9005 | ||
| 005 | 20051111142928.0 | ||
| 008 | 010324b1998 vm 000 eng | ||
| 020 | |a 0170092151 | ||
| 040 | |a IRC |c IRC |d IRC | ||
| 041 | 0 | |a eng | |
| 082 | 1 | 4 | |a 650.015195 |b DI-G |
| 100 | 1 | |a Dickman, Greg. | |
| 245 | 0 | 0 | |a Business statistics / |c Greg Dickman. |
| 260 | |a South Melbourne : |b Nelson, |c 1998. | ||
| 300 | |a 343 p. ; |c 24cm. | ||
| 520 | 3 | |a This book is about: Introduction to statistics; Frequency distribution graphs; Measures of central tendency... | |
| 630 | 0 | 4 | |a Commercial statistics. |
| 630 | 0 | 4 | |a Business mathematics. |
| 650 | 0 | 4 | |a Commercial statistics. |
| 650 | 0 | 4 | |a Business mathematics. |
| OWN | |a DUT | ||
| 999 | |a From the UDN01 | ||
| TYP | |a Monograph | ||
| TYP | |a Printed language | ||
| 980 | |a Mạng thư viện Đại học Đà Nẵng | ||


